000 00924nam a2200289Ia 4500
003 OSt
005 20221006143031.0
006 a|||||r|||| 00| 0
007 ta
008 221006b |||||||| |||| 00| 0 eng d
020 _c£24.50
024 _a7,857
037 _cTextual
040 _aEASL
_cEASL
_beng
041 _2eng
_aeng
082 _aA.420j73.N87, M87
100 _aUYEHARA Cecil H. Ed.
_9649010
245 0 _aU.S.-Japan science and technology exchange
_b Patterns of interdependence
260 _aBoulder
_bWestview Press
_c1988
300 _a229p.
_ccm.
650 _a Science and state - Japan
_9649011
650 _a Technology - International Cooperation
_9649012
650 _a Technology and state - Japan
_9649013
650 _aSciences - International Cooperation
_9649014
942 _hA.420j73.N87, M87
_cTEXL
_2CC
999 _c1075943
_d1075943